Library of the University of Algiers 3
Ibrahim Sultan Cheibout
شعار جامعة الجزائر 3
مكتبة جامعة الجزائر 3
إبراهيم سلطان شيبوط

الحماية الجنائية لبورصة الاوراق المالية : (رقم التسجيلة. 43862)

تفاصيل مارك
000 -LEADER
fixed length control field 02245nam a2200229Ia 4500
003 - CONTROL NUMBER IDENTIFIER
control field Ost
005 - DATE AND TIME OF LATEST TRANSACTION
control field 20260507075310.0
008 - FIXED-LENGTH DATA ELEMENTS--GENERAL INFORMATION
fixed length control field 260507s9999||||xx |||||||||||||| ||und||
020 ## - INTERNATIONAL STANDARD BOOK NUMBER
International Standard Book Number 3264328977
040 ## - CATALOGING SOURCE
Transcribing agency fsecg
041 ## - LANGUAGE CODE
Language code of text/sound track or separate title ara
082 ## - DEWEY DECIMAL CLASSIFICATION NUMBER
Classification number 330
100 ## - MAIN ENTRY--PERSONAL NAME
Personal name عبد الرسول، محمد فاروق
Relator term مؤلف
245 #0 - TITLE STATEMENT
Title الحماية الجنائية لبورصة الاوراق المالية :
Remainder of title دراسة مقارنة /
Statement of responsibility, etc. محمد فاروق عبد الرسول
260 ## - PUBLICATION, DISTRIBUTION, ETC.
Place of publication, distribution, etc. الاسكندرية:
Name of publisher, distributor, etc. دار الجامعة الجديدة,
Date of publication, distribution, etc. 2007
300 ## - PHYSICAL DESCRIPTION
Extent 458 صفحة؛
Dimensions 25 سم
520 ## - SUMMARY, ETC.
Summary, etc. ماهية بورصة الاوراق المالية ، 1)أحكام التجريم بتحديد المصالح محل الحماية ، المصالح الخاصة بالمتعاملين و المتعلقة بالمعلومات ، الحماية القانونية للمصالح و مبدأ شرعية الجرائم و العقوبات في جرائم البورصة و النطاق المكاني للنص الجنائي في جرائم البورصة ، الجرائم المتعلقة بالاوراق المالية و الجرائم الخاصة بالمتعاملين و الجرائم المتعلقة بالمعلومات 2)المسؤولية الجنائية و آثارها في جرائم البورصة : الركن المعنوي في جرائم البورصة و و المسؤولية الجنائية للاشخاص المعنوية في هذه الجرائم و المسؤولية عن فعل الغير في جرائم البورصة ، مشكلة اختيار الجزاءات و الجزاءات الجنائية و غير الجنائية في تشريعات البورصة 3) الجوابن الاجرائية في جرائم البورصة : الجهات المختصة بالضبط و التحقيق و مدى اختصاص مأموري الضبط القضائي ، الاطلاع على البيانات الخاصة بعملاء البنوك و الدعوى العمومية في جرائم البورصة و مكافحة هذه الجرائم.
653 ## - INDEX TERM--UNCONTROLLED
Uncontrolled term الأسواق المالية
653 ## - INDEX TERM--UNCONTROLLED
Uncontrolled term القانون الجنائي
653 ## - INDEX TERM--UNCONTROLLED
Uncontrolled term جرائم الأموال
942 ## - ADDED ENTRY ELEMENTS (KOHA)
Koha item type كتب
المقتنيات
Withdrawn status Lost status Source of classification or shelving scheme Damaged status Not for loan Home library Current library Date acquired Serial enumeration / chronology Inventory number Total checkouts Full call number Barcode Date last seen Price effective from Koha item type
    Dewey Decimal Classification   NOT LOAN / إعارة داخلية مكتبة كلية العلوم الإقتصادية والعلوم التجارية وعلوم التسيير مكتبة كلية العلوم الإقتصادية والعلوم التجارية وعلوم التسيير 07/05/2026 الطابق الأرضي 2011/172   أ/3829ن1 2011/172 07/05/2026 07/05/2026 كتب
    Dewey Decimal Classification   Available مكتبة كلية العلوم الإقتصادية والعلوم التجارية وعلوم التسيير مكتبة كلية العلوم الإقتصادية والعلوم التجارية وعلوم التسيير 07/05/2026 الطابق الأرضي 2011/173   أ/3829ن2 2011/173 07/05/2026 07/05/2026 كتب
    Dewey Decimal Classification   Available مكتبة كلية العلوم الإقتصادية والعلوم التجارية وعلوم التسيير مكتبة كلية العلوم الإقتصادية والعلوم التجارية وعلوم التسيير 07/05/2026 الطابق الأرضي 2011/174   أ/3829ن3 2011/174 07/05/2026 07/05/2026 كتب

موارد الويب المفتوحة


© University of Algiers 3 All Rights Reserved
|
Implemented by LECHELAH Riad